Studia turistica akademický časopis v oblasti cestovného ruchu
Problematika spojená s multidisciplinárnou povahou cestovného ruchu, ktorá ponúka nasledujúce publikačne okruhy: teóriu a ekonomiku cestovného ruchu, manažment, regionálny rozvoj, štatistiku, marketing, sociológiu a psychológiu zameranú na cestovný ruch, dopravu, hotelierstvo, gastronómiu, pedagogi...
Uložené v:
| Médium: | Seriál |
|---|---|
| Jazyk: | English Czech Slovak |
| Vydavateľské údaje: |
Jihlava
Vysoká škola polytechnická
|
| Predmet: | |
| Tagy: |
Žiadne tagy, Buďte prvý, kto otaguje tento záznam!
|
MARC
| LEADER | 00000nls a2200000 4500 | ||
|---|---|---|---|
| 001 | 0162078 | ||
| 005 | 20260209100005.7 | ||
| 022 | |a 1804-252X | ||
| 041 | 0 | |a eng | |
| 041 | 0 | |a cze | |
| 041 | 0 | |a slo | |
| 044 | |a CZ | ||
| 245 | 1 | 0 | |a Studia turistica |b akademický časopis v oblasti cestovného ruchu |
| 264 | 1 | |a Jihlava |b Vysoká škola polytechnická | |
| 500 | |a Od roku 2025 časopis publikuje články nepretržite počas celého roka | ||
| 520 | |a Problematika spojená s multidisciplinárnou povahou cestovného ruchu, ktorá ponúka nasledujúce publikačne okruhy: teóriu a ekonomiku cestovného ruchu, manažment, regionálny rozvoj, štatistiku, marketing, sociológiu a psychológiu zameranú na cestovný ruch, dopravu, hotelierstvo, gastronómiu, pedagogiku voľného času a rekreológiu. | ||
| 610 | 2 | 0 | |a ruch cestovný |
| 610 | 2 | 0 | |a politika regionálna |
| 610 | 2 | 0 | |a rozvoj trvalo udržateľný |
| 610 | 2 | 0 | |a zvyklosti kultúrne |